[Event "FB1 2324 SG 1871 Löberitz - SC 1957 Bad"]
[Site "?"]
[Date "2024.01.20"]
[Round "5.1"]
[White "Schneider, Jana"]
[Black "Rogule, Laura"]
[Result "0-1"]
[WhiteElo "2331"]
[BlackElo "2250"]
[PlyCount "96"]
[EventDate "2024.??.??"]

1. e4 c5 2. Nf3 d6 3. d4 cxd4 4. Nxd4 Nf6 5. Nc3 a6 6. Bd3 g6 7. f3 Bg7 8. Be3 O-O 9. Qd2 e5 10. Nde2 Be6 11. O-O d5 12. exd5 Nxd5 13. Nxd5 Qxd5 14. Nc3 Qa5 15. Ne4 Qc7 16. Nc5 Bc8 17. Na4 Nd7 18. c4 b6 19. Rac1 Rd8 20. b4 Bb7 21. Rfd1 e4 22. fxe4 Ne5 23. Bxb6 Qc6 24. b5 axb5 25. cxb5 Qd6 26. Bxd8 Rxd8 27. Nb2 Ng4 28. g3 Qd4+ 29. Kf1 Bh6 30. Qe2 Ne3+ 31. Ke1 Qb4+ 32. Rd2 Bxe4 33. a3 Qa5 34. a4 Ng2+ 35. Kf2 Qb6+ 36. Kf1 Ne3+ 37. Ke1 Ng2+ 38. Kf1 Bxd2 39. Qxd2 Ne3+ 40. Ke2 Ng4 41. Qf4 Bxd3+ 42. Nxd3 Qe6+ 43. Kd2 Ne5 44. Rc3 Nxd3 45. Rxd3 Qa2+ 46. Ke3 Re8+ 47. Kd4 Qxa4+ 48. Kc5 Qc2+ 0-1

[Event "FB1 2324 SG 1871 Löberitz - SC 1957 Bad"]
[Site "?"]
[Date "2024.01.20"]
[Round "5.2"]
[White "Berzina, Ilze"]
[Black "Maltsevskaya, Aleksandra"]
[Result "1/2-1/2"]
[WhiteElo "2164"]
[BlackElo "2378"]
[PlyCount "67"]
[EventDate "2024.??.??"]

1. e4 c5 2. Nf3 e6 3. g3 Nc6 4. Bg2 Nf6 5. Qe2 d5 6. exd5 Nxd5 7. O-O Be7 8. Rd1 O-O 9. d4 cxd4 10. Nxd4 Nxd4 11. Rxd4 Bf6 12. Rd1 Qc7 13. c4 Nb6 14. Na3 Bd7 15. Bf4 e5 16. Be3 e4 17. Bxe4 Rfe8 18. Bg2 Na4 19. Nb5 Bxb5 20. cxb5 Bxb2 21. Rab1 Bf6 22. Qg4 Nc3 23. Rd7 Qa5 24. Rf1 Qxb5 25. Rxb7 Qe2 26. Bf3 Qxa2 27. Rc7 Rad8 28. Rxa7 Qe6 29. Qxe6 Rxe6 30. Kg2 Ree8 31. Bc6 Re6 32. Bf3 Ree8 33. Bc6 Re6 34. Bf3 1/2-1/2

[Event "FB1 2324 SG 1871 Löberitz - SC 1957 Bad"]
[Site "?"]
[Date "2024.01.20"]
[Round "5.3"]
[White "Savina, Anastasia"]
[Black "Ter-Avetisjana, Agnesa Stepania"]
[Result "1-0"]
[WhiteElo "2340"]
[BlackElo "1982"]
[PlyCount "93"]
[EventDate "2024.??.??"]

1. d4 d5 2. c4 c6 3. Nf3 Nf6 4. Qc2 e6 5. Bg5 Nbd7 6. cxd5 exd5 7. Nc3 Qa5 8. Nd2 Bd6 9. e3 O-O 10. Bd3 Re8 11. Bh4 Qc7 12. O-O-O a5 13. Kb1 h6 14. Rhe1 g5 15. Bg3 Bxg3 16. hxg3 Nb6 17. e4 dxe4 18. Ndxe4 Nxe4 19. Nxe4 Kg7 20. Nf6 Rxe1 21. Nh5+ Kf8 22. Rxe1 Qd6 23. Qe2 Be6 24. Qe5 Qxe5 25. dxe5 Rd8 26. Be2 Rd2 27. Kc1 Rd4 28. a3 Re4 29. Nf6 Rxe5 30. Kd2 Ke7 31. Ng8+ Kd6 32. Nxh6 a4 33. Rc1 Nd7 34. f4 Rd5+ 35. Ke3 gxf4+ 36. gxf4 Nc5 37. Bc4 Nb3 38. Rh1 Rc5 39. Nxf7+ Bxf7 40. Bxf7 Rc2 41. Rd1+ Kc5 42. Bxb3 axb3 43. Rd2 Rc1 44. f5 Re1+ 45. Kf4 Kc4 46. f6 c5 47. g4 1-0

[Event "FB1 2324 SG 1871 Löberitz - SC 1957 Bad"]
[Site "?"]
[Date "2024.01.20"]
[Round "5.4"]
[White "Otikova, Elina"]
[Black "Melamed, Tatjana"]
[Result "0-1"]
[WhiteElo "2051"]
[BlackElo "2344"]
[PlyCount "98"]
[EventDate "2024.??.??"]

1. e4 c5 2. Nf3 e6 3. d4 cxd4 4. Nxd4 Nc6 5. Nc3 Qc7 6. Be3 a6 7. Bd3 Nf6 8. O-O b5 9. Nxc6 Qxc6 10. f3 Bb7 11. Qe1 Bc5 12. Qf2 Bxe3 13. Qxe3 d6 14. Kh1 O-O 15. a4 b4 16. Na2 Qc5 17. Qe1 a5 18. c3 bxc3 19. Rc1 Qd4 20. Rxc3 Qxa4 21. Qb1 Rfc8 22. Rd1 Rxc3 23. Nxc3 Qb4 24. Qa2 Rc8 25. Ra1 g6 26. Qa3 Rc5 27. h3 Bc6 28. Qxb4 axb4 29. Ne2 e5 30. Ra6 Nd7 31. Kh2 Kf8 32. Ra1 Bb5 33. Ra8+ Ke7 34. Nc1 Bxd3 35. Nxd3 Rc4 36. Ra4 Rd4 37. Ne1 b3 38. Rxd4 exd4 39. Kg1 Nc5 40. Kf2 d5 41. Ke2 dxe4 42. fxe4 Kd6 43. Nf3 d3+ 44. Ke3 f6 45. Ne1 d2 46. Kxd2 Nxe4+ 47. Kd3 Kd5 48. Nf3 f5 49. Nd4 Nf2+ 0-1

[Event "FB1 2324 SG 1871 Löberitz - SC 1957 Bad"]
[Site "?"]
[Date "2024.01.20"]
[Round "5.5"]
[White "Babiy, Olga"]
[Black "Naumann, Nadine"]
[Result "1-0"]
[WhiteElo "2303"]
[BlackElo "1928"]
[PlyCount "43"]
[EventDate "2024.??.??"]

1. d4 d5 2. Bf4 Nf6 3. e3 Bf5 4. Nf3 e6 5. Ne5 Be7 6. g4 Be4 7. f3 Bg6 8. h4 h6 9. Nxg6 fxg6 10. Bd3 Kf7 11. Nd2 Bd6 12. Be5 g5 13. f4 gxh4 14. Qf3 g5 15. f5 Qe7 16. Rf1 Rf8 17. fxe6+ Kg7 18. Qf5 Bxe5 19. Qg6+ Kh8 20. dxe5 Ne4 21. Rf7 Rxf7 22. exf7 1-0

[Event "FB1 2324 SG 1871 Löberitz - SC 1957 Bad"]
[Site "?"]
[Date "2024.01.20"]
[Round "5.6"]
[White "Giebel, Christine"]
[Black "Grineva, Marianna"]
[Result "0-1"]
[WhiteElo "1812"]
[BlackElo "2052"]
[PlyCount "36"]
[EventDate "2024.??.??"]

1. e4 d6 2. d4 Nf6 3. Bd3 g6 4. f4 Bg7 5. Nf3 c5 6. c3 cxd4 7. cxd4 O-O 8. Nc3 Bg4 9. Be3 Nc6 10. d5 Nb4 11. Bb1 a5 12. O-O Rc8 13. Qd2 Nd7 14. Nd4 Nb6 15. Bd3 Nxd3 16. Qxd3 Nc4 17. Na4 Nxe3 18. Qxe3 Rc4 0-1

[Event "FB1 2324 TuRa Harksheide  - OSG Baden-Ba"]
[Site "Norderstedt, Germany"]
[Date "2024.01.20"]
[Round "5.1"]
[White "Khademalsharieh, Sarasadat"]
[Black "Antolak, Julia"]
[Result "1/2-1/2"]
[WhiteElo "2486"]
[BlackElo "2290"]
[PlyCount "106"]
[EventDate "2024.??.??"]

1. d4 Nf6 2. c4 e6 3. Nf3 Bb4+ 4. Bd2 Qe7 5. g3 Bxd2+ 6. Qxd2 d5 7. Bg2 Nc6 8. O-O O-O 9. Ne5 Nxe5 10. dxe5 Nd7 11. cxd5 exd5 12. Qxd5 c6 13. Qe4 Qxe5 14. Nc3 Qh5 15. Rad1 Nf6 16. Qe7 Bg4 17. Qxb7 Bxe2 18. Nxe2 Qxe2 19. Bxc6 Qe6 20. Qxa8 Rxa8 21. Bxa8 h5 22. b3 Qe2 23. a4 Qc2 24. Rd8+ Kh7 25. Rb8 h4 26. Bg2 hxg3 27. hxg3 a5 28. Rb5 g6 29. Bf3 Kg7 30. Re1 Nd7 31. Re7 Nc5 32. Re2 Qd1+ 33. Kg2 Nd3 34. Rd5 Ne1+ 35. Kf1 Nd3+ 36. Kg2 Ne1+ 37. Rxe1 Qxe1 38. Rd7 Qe6 39. Ra7 Qxb3 40. Rxa5 f5 41. Ra7+ Kh6 42. a5 g5 43. Rb7 Qa3 44. Rb6+ Kg7 45. a6 g4 46. Bc6 Kf6 47. Kh2 Qa5 48. Rb2 Qxa6 49. Bg2 Kg5 50. Rb4 Qa1 51. Rf4 Qh8+ 52. Kg1 Qa1+ 53. Kh2 Qh8+ 1/2-1/2

[Event "FB1 2324 TuRa Harksheide  - OSG Baden-Ba"]
[Site "Norderstedt, Germany"]
[Date "2024.01.20"]
[Round "5.2"]
[White "Schulze, Lara"]
[Black "Paehtz, Elisabeth"]
[Result "0-1"]
[WhiteElo "2285"]
[BlackElo "2461"]
[PlyCount "94"]
[EventDate "2024.??.??"]

1. e4 e6 2. d4 d5 3. e5 c5 4. c3 Nc6 5. Nf3 Bd7 6. Be2 Nge7 7. Na3 Ng6 8. Nc2 Be7 9. O-O O-O 10. Be3 cxd4 11. cxd4 Qb6 12. a3 a5 13. Rb1 a4 14. Bd3 Na7 15. h4 Bb5 16. h5 Bxd3 17. Qxd3 Nh4 18. Nxh4 Bxh4 19. h6 f5 20. hxg7 Rfc8 21. Bh6 Qd8 22. Qd2 Qe8 23. b3 Nc6 24. bxa4 Nd8 25. Rfc1 Rxa4 26. Ne1 Raa8 27. Nd3 Be7 28. Nf4 Bxa3 29. Rxc8 Rxc8 30. Bg5 Nf7 31. Nh5 Qc6 32. Rb3 h6 33. Bxh6 Be7 34. Rh3 Qc2 35. Rg3 Qb1+ 36. Kh2 Qe4 37. Qb4 Qh4+ 38. Rh3 Nxh6 39. Rxh4 Bxb4 40. Rh3 Ng4+ 41. Kg3 Be1 42. Kh4 Bxf2+ 43. Kg5 Kf7 44. Rb3 Be3+ 45. Kh4 Kg6 46. Rxb7 Bg5+ 47. Kh3 Kxh5 0-1

[Event "FB1 2324 TuRa Harksheide  - OSG Baden-Ba"]
[Site "Norderstedt, Germany"]
[Date "2024.01.20"]
[Round "5.3"]
[White "Wagner, Dinara"]
[Black "Lach, Aleksandra"]
[Result "1/2-1/2"]
[WhiteElo "2459"]
[BlackElo "2276"]
[PlyCount "73"]
[EventDate "2024.??.??"]

1. d4 d5 2. Nf3 c6 3. c4 Nf6 4. e3 a6 5. Qc2 g6 6. Bd3 Bg7 7. O-O O-O 8. Nbd2 Nbd7 9. b3 e5 10. dxe5 Ng4 11. Bb2 Ndxe5 12. h3 Nxf3+ 13. Nxf3 Bxb2 14. Qxb2 Qf6 15. Rab1 Qxb2 16. Rxb2 Nf6 17. cxd5 Nxd5 18. Rd2 a5 19. a3 Nb6 20. Be2 Be6 21. Nd4 Bd5 22. Rc1 Rfd8 23. b4 axb4 24. axb4 Rdc8 25. f3 f6 26. Kf2 Bf7 27. Rdc2 Nd7 28. Rd2 Nb6 29. Rdc2 Nd7 30. g4 Ra4 31. Rb2 Rca8 32. h4 Ra2 33. Rcb1 Nb6 34. e4 R8a3 35. Rxa2 Rxa2 36. Ke3 Bc4 37. g5 1/2-1/2

[Event "FB1 2324 TuRa Harksheide  - OSG Baden-Ba"]
[Site "Norderstedt, Germany"]
[Date "2024.01.20"]
[Round "5.4"]
[White "Brandt, Carina"]
[Black "Narva, Mai"]
[Result "0-1"]
[WhiteElo "2050"]
[BlackElo "2400"]
[PlyCount "86"]
[EventDate "2024.??.??"]

1. e4 c5 2. c3 d5 3. exd5 Qxd5 4. d4 Nf6 5. Nf3 Nc6 6. Be2 e6 7. O-O cxd4 8. cxd4 Be7 9. Bf4 O-O 10. Nc3 Qd8 11. Qa4 Bd7 12. Rfd1 Qb6 13. Qc2 Nb4 14. Qd2 Nbd5 15. Be5 Rfd8 16. Rab1 Rac8 17. Qg5 Bc6 18. Nd2 Nxc3 19. bxc3 Qa5 20. c4 Rd7 21. Bd3 h6 22. Qg3 b6 23. d5 exd5 24. Bf5 dxc4 25. Bxd7 Bxd7 26. Bxf6 Bxf6 27. Nxc4 Qxa2 28. Ne3 Be6 29. Rbc1 Rxc1 30. Rxc1 Qb2 31. Rd1 a5 32. Qb8+ Kh7 33. Qb7 b5 34. Nd5 Bd4 35. Rf1 a4 36. Ne7 Qe2 37. Qa8 f6 38. Qe8 Qd3 39. Re1 Bc4 40. Nc6 Bc3 41. Rc1 a3 42. h4 a2 43. Qa8 Qb1 0-1

[Event "FB1 2324 TuRa Harksheide  - OSG Baden-Ba"]
[Site "Norderstedt, Germany"]
[Date "2024.01.20"]
[Round "5.5"]
[White "Zatonskih, Anna"]
[Black "Koehler, Inken"]
[Result "1-0"]
[WhiteElo "2347"]
[BlackElo "2017"]
[PlyCount "91"]
[EventDate "2024.??.??"]

1. d4 d5 2. c4 e6 3. Nc3 Nf6 4. cxd5 exd5 5. Bg5 c6 6. e3 Be7 7. Qc2 Bg4 8. Nge2 Na6 9. Ng3 Nc7 10. h3 Bd7 11. Bf4 Ne6 12. Be5 c5 13. dxc5 Qa5 14. Nf5 Qxc5 15. Bd3 Bc6 16. O-O Rd8 17. Bd4 Qa5 18. a3 a6 19. Be5 Rd7 20. b4 Qd8 21. Rab1 O-O 22. a4 d4 23. Nxd4 Bd6 24. Nxc6 bxc6 25. Bxf6 Qxf6 26. Bxh7+ Kh8 27. Ne4 Qe5 28. Nxd6 Rxd6 29. Bf5 Rfd8 30. Qe4 Qf6 31. Bxe6 Rxe6 32. Qc4 Qg5 33. Rbd1 Rxd1 34. Rxd1 Rg6 35. Qe4 Qh5 36. Rd8+ Kh7 37. Kh2 Qg5 38. Rd4 Kg8 39. Qe8+ Kh7 40. Qe4 Kg8 41. g3 Re6 42. Qd3 Re8 43. Qxa6 Qf5 44. Rf4 Qc2 45. Qc4 Qg6 46. a5 1-0

[Event "FB1 2324 TuRa Harksheide  - OSG Baden-Ba"]
[Site "Norderstedt, Germany"]
[Date "2024.01.20"]
[Round "5.6"]
[White "Rosmait, Emily"]
[Black "Heinemann, Josefine"]
[Result "0-1"]
[WhiteElo "1812"]
[BlackElo "2361"]
[PlyCount "76"]
[EventDate "2024.??.??"]

1. e4 c5 2. Nf3 d6 3. Bb5+ Nd7 4. O-O a6 5. Bxd7+ Bxd7 6. c4 Nf6 7. Nc3 g6 8. d3 Bg7 9. h3 O-O 10. Nh2 b5 11. f4 Bc6 12. Qe1 Nd7 13. Nf3 e6 14. Rb1 Qe7 15. b3 Rae8 16. Bb2 f5 17. e5 dxe5 18. Nxe5 Nxe5 19. fxe5 Qd7 20. Qe3 Rc8 21. Rbd1 Rfd8 22. Ne2 bxc4 23. d4 cxb3 24. axb3 Rb8 25. dxc5 Qb7 26. Nd4 Bxg2 27. Nxe6 Bxf1 28. Rxf1 Rdc8 29. Nxg7 Qxg7 30. Ba1 Qe7 31. e6 Qxc5 32. Bd4 Qd5 33. e7 Re8 34. Bf6 Rxb3 35. Qg5 Rxh3 36. Qc1 Qh1+ 37. Kf2 Rf3+ 38. Ke2 Qg2+ 0-1

[Event "FB1 2324 SK Doppelbauer Turm Kiel - Karl"]
[Site "Norderstedt, Germany"]
[Date "2024.01.20"]
[Round "5.1"]
[White "Georgescu, Lena"]
[Black "Rath, Alina"]
[Result "1/2-1/2"]
[WhiteElo "2268"]
[BlackElo "2029"]
[PlyCount "49"]
[EventDate "2024.??.??"]

1. e4 c5 2. Nf3 d6 3. d4 cxd4 4. Nxd4 Nf6 5. Nc3 Nc6 6. Bg5 e6 7. Qd2 Be7 8. O-O-O O-O 9. h4 Qb6 10. Be3 Ng4 11. Nf5 Nxe3 12. Nxe7+ Nxe7 13. Qxe3 Qxe3+ 14. fxe3 Rd8 15. Bc4 a6 16. Bb3 b5 17. a3 Bb7 18. Rd2 Ng6 19. h5 Ne5 20. Rh4 h6 21. Rf4 Rac8 22. Rdf2 Rd7 23. g4 Nc4 24. R4f3 f6 25. Rg3 1/2-1/2

[Event "FB1 2324 SK Doppelbauer Turm Kiel - Karl"]
[Site "Norderstedt, Germany"]
[Date "2024.01.20"]
[Round "5.2"]
[White "Falke, Ornella"]
[Black "Schmidt, Jessica"]
[Result "1/2-1/2"]
[WhiteElo "1969"]
[BlackElo "2219"]
[PlyCount "113"]
[EventDate "2024.??.??"]

1. d4 f5 2. Bg5 Nf6 3. Nf3 e6 4. Nc3 Be7 5. Qd3 d5 6. Ne5 O-O 7. O-O-O Nbd7 8. f3 Nxe5 9. dxe5 Nd7 10. Bxe7 Qxe7 11. f4 a6 12. e3 Rb8 13. g4 g6 14. gxf5 gxf5 15. Be2 Kh8 16. Rdg1 b5 17. Bf3 Bb7 18. Ne2 Rg8 19. Ng3 Rg6 20. Qf1 Qh4 21. Rg2 Rbg8 22. Rhg1 Qe7 23. Bh5 R6g7 24. Bf3 Rg6 25. Qf2 c5 26. h4 h6 27. h5 R6g7 28. Ne2 Rxg2 29. Rxg2 Nf8 30. b3 b4 31. c4 bxc3 32. Nxc3 c4 33. bxc4 Rxg2 34. Qxg2 Qb4 35. Qb2 Qxc4 36. Be2 Qc5 37. Kc2 Qc7 38. Qb4 Kg8 39. Kb3 Kf7 40. Na4 Nd7 41. a3 Ke8 42. Qc3 Bc6 43. Nb2 Qb6+ 44. Kc2 a5 45. Qd4 Nc5 46. Qc3 Kd7 47. Bf3 Na4 48. Nxa4 Bxa4+ 49. Kd2 Bb3 50. Be2 Ba4 51. Qd4 Qxd4+ 52. exd4 Kc7 53. Ba6 Bd7 54. Kc3 Kb6 55. Be2 Ba4 56. Bf3 Bc6 57. Bd1 1/2-1/2

[Event "FB1 2324 SK Doppelbauer Turm Kiel - Karl"]
[Site "Norderstedt, Germany"]
[Date "2024.01.20"]
[Round "5.3"]
[White "Doll, Rebecca"]
[Black "Braeutigam, Katerina"]
[Result "0-1"]
[WhiteElo "1940"]
[BlackElo "1843"]
[PlyCount "68"]
[EventDate "2024.??.??"]

1. e4 e6 2. d4 d5 3. Nd2 Nf6 4. e5 Nfd7 5. Bd3 c5 6. c3 Nc6 7. Ne2 Qc7 8. O-O f6 9. Nf4 Nb6 10. Qh5+ Qf7 11. exf6 cxd4 12. Bg6 hxg6 13. Qxh8 gxf6 14. Nb3 e5 15. Re1 Bf5 16. Qh4 O-O-O 17. g4 Be4 18. Ng2 dxc3 19. bxc3 Be7 20. Qg3 f5 21. f3 f4 22. Qf2 Bd3 23. Rd1 Bc4 24. Nd2 Bb5 25. Kh1 Na4 26. Nb1 Rh8 27. Ne1 Bh4 28. Qg2 Bg3 29. h3 Rh4 30. Kg1 Qh7 31. a3 Rxh3 32. Ra2 Bc4 33. Rad2 Bxe1 34. Rxe1 Rg3 0-1

[Event "FB1 2324 SK Doppelbauer Turm Kiel - Karl"]
[Site "Norderstedt, Germany"]
[Date "2024.01.20"]
[Round "5.4"]
[White "Staerk, Elisa"]
[Black "Scheynin, Julia"]
[Result "0-1"]
[WhiteElo "1978"]
[BlackElo "1895"]
[PlyCount "58"]
[EventDate "2024.??.??"]

1. d4 d5 2. Nf3 Nf6 3. g3 e6 4. Bg2 Be7 5. O-O O-O 6. c4 c6 7. Nc3 b6 8. cxd5 cxd5 9. Ne5 Bb7 10. Bf4 Nc6 11. Rc1 Nxe5 12. Bxe5 Rc8 13. Qd3 a6 14. a4 Qd7 15. Bxf6 Bxf6 16. b4 Rc4 17. Ne4 Rxb4 18. Nxf6+ gxf6 19. a5 b5 20. Rc5 Rc4 21. Qf3 f5 22. Qf4 f6 23. Rc1 Rc8 24. R1xc4 dxc4 25. Bxb7 Qxb7 26. Qd6 Kf7 27. d5 exd5 28. Rxd5 Qc6 29. Qd7+ Qxd7 0-1

[Event "FB1 2324 SK Doppelbauer Turm Kiel - Karl"]
[Site "Norderstedt, Germany"]
[Date "2024.01.20"]
[Round "5.5"]
[White "Basovskiy, Jana"]
[Black "Benzen, Marthe"]
[Result "1-0"]
[WhiteElo "1847"]
[BlackElo "1942"]
[PlyCount "69"]
[EventDate "2024.??.??"]

1. e4 e5 2. Nf3 Nc6 3. Bc4 Bc5 4. c3 Nf6 5. d3 h6 6. Nbd2 a5 7. a4 d6 8. O-O O-O 9. Bb3 Be6 10. Nc4 Ne7 11. d4 exd4 12. cxd4 Bb4 13. Qe2 d5 14. exd5 Bxd5 15. Rd1 Re8 16. Be3 Nf5 17. Nfe5 Nxe3 18. fxe3 Ne4 19. Bc2 Ra6 20. Rf1 Rf6 21. Bd3 Ree6 22. Qh5 Rxf1+ 23. Rxf1 Re7 24. Qf5 Nf6 25. Ng4 Ne4 26. Nge5 Ng5 27. h4 Be6 28. Qf4 Nh7 29. Qe4 g6 30. Nxg6 fxg6 31. Qxg6+ Kh8 32. Ne5 Qg8 33. Qxh6 Bf7 34. Rxf7 Qxf7 35. Nxf7+ 1-0

[Event "FB1 2324 SK Doppelbauer Turm Kiel - Karl"]
[Site "Norderstedt, Germany"]
[Date "2024.01.20"]
[Round "5.6"]
[White "Hielscher, Ursula"]
[Black "Landenberger, Anja Kathrin"]
[Result "1-0"]
[WhiteElo "1681"]
[BlackElo "1721"]
[PlyCount "67"]
[EventDate "2024.??.??"]

1. d4 d5 2. c4 c6 3. e3 Nf6 4. Nc3 e6 5. Nf3 Nbd7 6. Bd3 dxc4 7. Bxc4 b5 8. Bd3 Bb7 9. O-O a6 10. Re1 c5 11. Bd2 Be7 12. Be2 O-O 13. dxc5 Nxc5 14. Nd4 Qd7 15. Bf3 Rfd8 16. Bxb7 Qxb7 17. Qf3 Qxf3 18. Nxf3 Nd3 19. Reb1 b4 20. Ne2 Rac8 21. Ned4 Ne4 22. Be1 Bf6 23. a3 e5 24. Nf5 Rc2 25. Bxb4 Nexf2 26. Ba5 Rd5 27. Bc3 Ne4 28. h3 g6 29. Nh6+ Kg7 30. Ng4 Nxc3 31. bxc3 e4 32. Nxf6 Kxf6 33. Nd4 Rg5 34. Nxc2 1-0

[Event "FB1 2324 SG Solingen - Schachfreunde Dei"]
[Site "?"]
[Date "2024.01.20"]
[Round "5.1"]
[White "Klek, Hanna Marie"]
[Black "Gaponenko, Inna"]
[Result "1/2-1/2"]
[WhiteElo "2284"]
[BlackElo "2332"]
[PlyCount "99"]
[EventDate "2024.??.??"]

1. e4 c5 2. Nf3 Nc6 3. d4 cxd4 4. Nxd4 Nf6 5. Nc3 e5 6. Ndb5 d6 7. Bg5 a6 8. Na3 b5 9. Nd5 Be7 10. Bxf6 Bxf6 11. c4 b4 12. Nc2 a5 13. g3 O-O 14. Bg2 g6 15. Nxf6+ Qxf6 16. O-O Qe7 17. Kh1 a4 18. Qd3 Bb7 19. Rad1 Rfd8 20. f4 exf4 21. gxf4 Ra5 22. Ne3 Rh5 23. Bf3 Rh4 24. Nd5 Qe6 25. Bg2 Kf8 26. a3 bxa3 27. Qxa3 Ne7 28. Qxa4 Bxd5 29. cxd5 Qf6 30. Qa5 Rc8 31. Qd2 g5 32. e5 Qg6 33. fxg5 Rc2 34. Qd3 Rxb2 35. Qg3 Rbb4 36. exd6 Nf5 37. Qe5 Nxd6 38. Rf6 Nc4 39. Qc3 Rb1 40. Rxb1 Qxb1+ 41. Rf1 Qb2 42. Qg3 Qd4 43. Qc7 Ne5 44. Qd8+ Kg7 45. Qf6+ Kg8 46. h3 Qe3 47. Qd8+ Kg7 48. Qf6+ Kg8 49. Qd8+ Kg7 50. Qf6+ 1/2-1/2

[Event "FB1 2324 SG Solingen - Schachfreunde Dei"]
[Site "?"]
[Date "2024.01.20"]
[Round "5.2"]
[White "Dolzhykova, Kateryna"]
[Black "Rapport, Jovana"]
[Result "0-1"]
[WhiteElo "2227"]
[BlackElo "2320"]
[PlyCount "117"]
[EventDate "2024.??.??"]

1. e4 e6 2. d3 d5 3. Nd2 Nc6 4. Ngf3 Nf6 5. g3 dxe4 6. dxe4 e5 7. Bg2 Bc5 8. O-O O-O 9. h3 a5 10. a4 b6 11. Nb3 Ba6 12. Nxc5 Bxf1 13. Qxf1 bxc5 14. Bg5 Rb8 15. b3 Qe7 16. Qc4 Nd4 17. Nh4 h6 18. Bxf6 Qxf6 19. Qxc5 Qd6 20. Qxa5 Ra8 21. Qd5 Nxc2 22. Rd1 Nd4 23. Qc4 Rfd8 24. Kh1 Qb6 25. Rd3 Ne6 26. Rf3 Rd4 27. Qc3 Qc5 28. Nf5 Rd1+ 29. Kh2 Qxc3 30. Rxc3 Kf8 31. Bf3 Rd2 32. Kg2 Rad8 33. Rc4 c5 34. b4 cxb4 35. Rxb4 Ra2 36. Rb5 Rxa4 37. Rxe5 Ra2 38. Rb5 Rdd2 39. Rb8+ Rd8 40. Rb1 Rdd2 41. Rb8+ Rd8 42. Rb1 Nc5 43. Kg1 h5 44. Ne3 g6 45. e5 Kg7 46. Bd5 Rd2 47. Bg2 Nd3 48. f4 h4 49. e6 fxe6 50. Rb7+ Kf8 51. Ng4 Rb2 52. Rc7 hxg3 53. Nf6 Rb1+ 54. Bf1 Rd4 55. Kg2 Nxf4+ 56. Kxg3 Rxf1 57. Nh7+ Ke8 58. h4 Nh5+ 59. Kg2 0-1

[Event "FB1 2324 SG Solingen - Schachfreunde Dei"]
[Site "?"]
[Date "2024.01.20"]
[Round "5.3"]
[White "Koepke, Elena"]
[Black "Muetsch, Annmarie"]
[Result "0-1"]
[WhiteElo "2239"]
[BlackElo "2283"]
[PlyCount "74"]
[EventDate "2024.??.??"]

1. e4 d6 2. d4 Nf6 3. Nc3 e5 4. Nf3 Nbd7 5. Rg1 c6 6. g4 h6 7. Be3 Qa5 8. Nd2 Be7 9. a3 Qc7 10. Qe2 b5 11. h4 h5 12. gxh5 Nxh5 13. Nf3 a6 14. Bh3 Nf8 15. Bxc8 Rxc8 16. Qd2 Ng6 17. Ne2 Rb8 18. Bg5 c5 19. dxe5 dxe5 20. Nc3 Nhf4 21. Bxf4 Nxf4 22. Rxg7 Rd8 23. Nd5 Nxd5 24. exd5 e4 25. Ng1 Qe5 26. Qc3 Qxc3+ 27. bxc3 Bf6 28. Rg3 Rxd5 29. Rb1 c4 30. Kf1 Rxh4 31. Re1 Kf8 32. Rge3 Rd2 33. R1e2 Rd1+ 34. Re1 Rxe1+ 35. Kxe1 Be7 36. Ne2 Rh1+ 37. Kd2 Bg5 0-1

[Event "FB1 2324 SG Solingen - Schachfreunde Dei"]
[Site "?"]
[Date "2024.01.20"]
[Round "5.4"]
[White "Agrest, Inna"]
[Black "Nebolsina, Vera"]
[Result "1/2-1/2"]
[WhiteElo "2287"]
[BlackElo "2217"]
[PlyCount "127"]
[EventDate "2024.??.??"]

1. e4 e5 2. Nf3 Nc6 3. Bb5 Nf6 4. d3 d6 5. c3 Bd7 6. O-O g6 7. Re1 Bg7 8. Ba4 O-O 9. Bb3 Na5 10. Bc2 c5 11. Nbd2 b5 12. Nf1 Nc6 13. a4 a6 14. Ne3 Qc7 15. h3 Rab8 16. axb5 axb5 17. Nh2 Ne7 18. Qf3 Be6 19. Nhg4 Nxg4 20. hxg4 Qd7 21. g5 d5 22. Bd1 d4 23. Ng4 Bxg4 24. Qxg4 Qxg4 25. Bxg4 Rfd8 26. Ra7 Bf8 27. Rc7 Nc8 28. cxd4 cxd4 29. Bd2 b4 30. Rec1 Nd6 31. g3 Nb5 32. R7c6 b3 33. Bd1 Ba3 34. Rb1 Bd6 35. f4 Nc7 36. Ba5 Rb7 37. Rbc1 Ra8 38. Be1 Nb5 39. f5 gxf5 40. exf5 e4 41. dxe4 h6 42. gxh6 d3 43. Bxb3 Nd4 44. Rc8+ Rxc8 45. Rxc8+ Kh7 46. Bd1 Re7 47. Bc3 Rxe4 48. Kf2 Nxf5 49. Bb3 Re2+ 50. Kf3 Re3+ 51. Kg4 Nxh6+ 52. Kh5 Be5 53. Re8 Bd4 54. Rxe3 Bxe3 55. g4 d2 56. Bf6 Kg8 57. g5 Nf5 58. g6 Ng7+ 59. Kg4 Ne6 60. Kf3 Bd4 61. gxf7+ Kf8 62. Ke2 Bxf6 63. Bxe6 Bxb2 64. Kxd2 1/2-1/2

[Event "FB1 2324 SG Solingen - Schachfreunde Dei"]
[Site "?"]
[Date "2024.01.20"]
[Round "5.5"]
[White "Valkova, Angelika"]
[Black "Bashylina, Luisa"]
[Result "1-0"]
[WhiteElo "2021"]
[BlackElo "2165"]
[PlyCount "101"]
[EventDate "2024.??.??"]

1. d4 Nf6 2. c4 g6 3. Nc3 d5 4. Nf3 Bg7 5. Bf4 O-O 6. Rc1 dxc4 7. e4 Bg4 8. Bxc4 Nh5 9. Be3 Bxf3 10. gxf3 e6 11. f4 Nc6 12. Be2 Qh4 13. Bxh5 gxh5 14. d5 Rfd8 15. Qf3 Nb4 16. Bc5 Qxf4 17. Qxf4 Nd3+ 18. Kd2 Nxf4 19. Be3 Ng6 20. Ke2 exd5 21. Nxd5 c6 22. Nf4 h4 23. Nh5 Bd4 24. f4 f5 25. e5 Kf7 26. Nf6 h6 27. Rhd1 Bxe3 28. Kxe3 Ke6 29. Rg1 Ne7 30. Rg7 b5 31. Rh7 Rh8 32. Rxh8 Rxh8 33. Rd1 a5 34. Rd6+ Kf7 35. Rd7 Rc8 36. b3 Ke6 37. Rd6+ Kf7 38. Rd7 Ra8 39. Kd4 Ke6 40. Rd6+ Kf7 41. Rd7 Ke6 42. Kc5 b4 43. Rd6+ Kf7 44. Nh5 Rg8 45. Rf6+ Ke8 46. Rxh6 Kd8 47. Kd6 Nd5 48. Nf6 Rf8 49. Nxd5 cxd5 50. e6 Ke8 51. Rh7 1-0

[Event "FB1 2324 SG Solingen - Schachfreunde Dei"]
[Site "?"]
[Date "2024.01.20"]
[Round "5.6"]
[White "Muedder, Melanie"]
[Black "Jelica, Mara"]
[Result "0-1"]
[WhiteElo "1888"]
[BlackElo "2068"]
[PlyCount "98"]
[EventDate "2024.??.??"]

1. e4 c5 2. Nf3 d6 3. d4 cxd4 4. Nxd4 Nf6 5. Nc3 a6 6. h3 e5 7. Nb3 Be7 8. Be3 Be6 9. Qf3 Nc6 10. O-O-O Rc8 11. Nc5 Qc7 12. Nxe6 fxe6 13. g4 b5 14. g5 Nd7 15. Qg4 b4 16. Bxa6 bxc3 17. Bxc8 cxb2+ 18. Kxb2 Qxc8 19. Qxe6 Qb7+ 20. Kc1 Nf8 21. Qd5 Qa6 22. f4 Nd7 23. f5 Qa3+ 24. Kd2 Qa5+ 25. Ke2 Qxd5 26. Rxd5 Nb4 27. Ra5 Nxc2 28. Ra8+ Bd8 29. Rc1 Nxe3 30. Rcc8 Ke7 31. f6+ gxf6 32. gxf6+ Nxf6 33. Kxe3 Bb6+ 34. Kd3 Rxc8 35. Rxc8 Nd7 36. Kc4 Bf2 37. Rc6 Ke6 38. a4 Nc5 39. a5 Nxe4 40. Rc7 d5+ 41. Kd3 Nd6 42. Rxh7 Nf7 43. Rg7 e4+ 44. Ke2 Bc5 45. Rg6+ Kd7 46. h4 d4 47. h5 d3+ 48. Kd1 e3 49. Rg1 e2+ 0-1

[Event "FB1 2324 Hamburger SK - SK Schwäbisch H"]
[Site "?"]
[Date "2024.01.20"]
[Round "5.1"]
[White "Khotenashvili, Bella"]
[Black "Socko, Monika"]
[Result "0-1"]
[WhiteElo "2467"]
[BlackElo "2410"]
[PlyCount "94"]
[EventDate "2024.??.??"]

1. d4 Nf6 2. Bg5 d5 3. Nd2 Nbd7 4. e3 c5 5. Ngf3 e6 6. c3 Bd6 7. e4 cxd4 8. Nxd4 O-O 9. exd5 exd5 10. Be2 Nc5 11. Bh4 a6 12. Qc2 Re8 13. O-O-O Bd7 14. Bf3 Ba4 15. N2b3 Nce4 16. Rhe1 Bf4+ 17. Kb1 Qb6 18. Bxf6 Nd2+ 19. Ka1 Rxe1 20. Rxe1 Bxb3 21. Nxb3 Nxf3 22. gxf3 Qxf6 23. Qd3 Qd6 24. h4 h5 25. Qd4 b6 26. Qd3 b5 27. Nd4 Qd7 28. Nf5 Re8 29. Rxe8+ Qxe8 30. a4 g6 31. Nd4 b4 32. cxb4 Qxa4+ 33. Kb1 Qxb4 34. Nc6 Qc4 35. Qxd5 Qxd5 36. Ne7+ Kg7 37. Nxd5 Be5 38. b4 Bf6 39. Kc2 Bxh4 40. Kd3 Bxf2 41. Nc7 h4 42. Ke2 Bb6 43. Nxa6 h3 44. Kf1 Kf6 45. b5 Kf5 46. Nb4 Kf4 47. Nd5+ Kxf3 0-1